Obálka Náhled e-knihy:
Epub
Pro půjčování e-knih musíte být přihlášeni.
Jak si půjčit online?

Sága od Bodamského jezera. Dcery štěstí /

Druhý díl rodinné ságy odehrávající se na počátku 20. století.

Uloženo v:
Série:Sága od Bodamského jezera, část 2
Hlavní autor: Nikolai, Maria (Autor)
Další autoři: Staňková, Libuše, 1952- (Autor)
Médium: E-kniha
Jazyk:Czech
Vydáno: Praha : Ikar, 2023
Vydání:Vydání první
Témata:
Příbuzné jednotky:Přeloženo z: Bodensee-Saga
Z cyklu:: Sága od Bodamského jezera
Tagy:
Žádné tagy
LEADER 02625nam a2200481 i 4500
001 312144
003 CZ PrSKC
005 20260601215717.0
007 ta
008 231018s2023 xr g 000 f cze
015 |a cnb003563639 
020 |a 9788024951751  |q (vázáno) 
035 |a (OCoLC)1412781421 
040 |a ABG001  |b cze  |e rda 
041 1 |a cze  |h ger 
072 7 |a 821.112.2-3  |x Německá próza, německy psaná  |2 Konspekt 
080 |a 821.112.2-31  |2 MRF 
080 |a (0:82-31)-055.2  |2 MRF 
100 1 |a Nikolai, Maria  |7 xx0260282  |4 aut 
240 1 0 |a Töchter des Glücks.  |l Česky 
245 1 0 |a Sága od Bodamského jezera.  |p Dcery štěstí /  |c Maria Nikolai ; z německého originálu Die Töchter des Glücks ... přeložila Libuše Staňková 
246 3 0 |a Dcery štěstí 
250 |a Vydání první 
264 1 |a Praha :  |b Ikar,  |c 2023 
300 |a 366 stran ;  |c 24 cm 
336 |a text  |b txt  |2 rdacontent 
337 |a bez média  |b n  |2 rdamedia 
338 |a svazek  |b nc  |2 rdacarrier 
500 |a Chronologický přehled 
520 2 |a Druhý díl rodinné ságy odehrávající se na počátku 20. století.  |b Bádensko a Württembersko, 1918. Pro mladičkou Lilly je to start do dospělého života: čerstvě vdaná opouští rodinný hostinec u Bodamského jezera, aby začala vysněné manželství po boku dědice stuttgartské továrny na mýdlo. Poslední rok války ale vše změní. Když je její manžel prohlášen za pohřešovaného, zhroutí se jí svět. Lilly však nerezignuje. Odvážně se ujme odpovědnosti za podnik svého muže, vyvíjí vlastní kosmetiku, spřádá plány do budoucna - dokud do jejího života nevstoupí tajemný Felix Benthin a nerozbouří její city. Lilly ví, že téhle lásce nesmí podlehnout... Nakladatelská anotace. 
655 7 |a německé romány  |7 fd132945  |2 czenas 
655 7 |a romány pro ženy  |7 fd187897  |2 czenas 
655 9 |a German fiction  |2 eczenas 
655 9 |a women's novels  |2 eczenas 
700 1 |a Staňková, Libuše,  |d 1952-  |7 jk01120881  |4 trl 
765 0 |t Bodensee-Saga 
787 0 8 |i Z cyklu:  |t Sága od Bodamského jezera  |g 2 
900 |a ABA001  |b 21 
928 9 |a Euromedia Group - Ikar 
044 |a xr 
910 |a RBIT002 
998 |d 389354  |a https://core.palmknihy.cz/api/books/389354/cover?s2gvlu  |b https://core.palmknihy.cz/api/books/389354/cover/400?s2gvlu  |c https://core.palmknihy.cz/api/books/389354/cover/50?s2gvlu  |e 2027-11-28  |g 368  |i 9788024951751  |j https://core.palmknihy.cz/api/books/389354/preview.epub  |l   |q 49  |r 1  |s https://www.palmknihy.cz/kniha/389354  |t ebook  |y 2023  |z 0  |v Sága od Bodamského jezera  |w 2 
999 |d 312142